The laws of revival / (Record no. 8958)
[ view plain ]
| 000 -LEADER | |
|---|---|
| fixed length control field | 00995nam a2200277Ia 4500 |
| 001 - CONTROL NUMBER | |
| control field | 34539407 |
| 003 - CONTROL NUMBER IDENTIFIER | |
| control field | OCoLC |
| 005 - DATE AND TIME OF LATEST TRANSACTION | |
| control field | 20241126110702.0 |
| 008 - FIXED-LENGTH DATA ELEMENTS--GENERAL INFORMATION | |
| fixed length control field | 960410s1993 mnu 000 0 eng d |
| 020 ## - INTERNATIONAL STANDARD BOOK NUMBER | |
| International Standard Book Number | 0890662401 |
| 040 ## - CATALOGING SOURCE | |
| Original cataloging agency | JEV |
| Transcribing agency | JEV |
| Modifying agency | BSC |
| 082 ## - DEWEY DECIMAL CLASSIFICATION NUMBER | |
| Classification number | 269.2 |
| Item number | BUR |
| 092 ## - LOCALLY ASSIGNED DEWEY CALL NUMBER (OCLC) | |
| Classification number | 269.2 |
| Item number | B967L, 1993 |
| 100 1# - MAIN ENTRY--PERSONAL NAME | |
| Personal name | Burns, James, |
| Dates associated with a name | 1865-1948. |
| 9 (RLIN) | 15676 |
| 245 14 - TITLE STATEMENT | |
| Title | The laws of revival / |
| Statement of responsibility, etc. | James Burns ; edited by Tom Phillips. |
| 260 ## - PUBLICATION, DISTRIBUTION, ETC. | |
| Place of publication, distribution, etc. | [Minneapolis, Minn.] : |
| Name of publisher, distributor, etc. | World Wide Publications, |
| Date of publication, distribution, etc. | 1993. |
| 300 ## - PHYSICAL DESCRIPTION | |
| Extent | 57 p. ; |
| Dimensions | 18 cm. |
| 500 ## - GENERAL NOTE | |
| General note | Selections from the author's Revivals, their laws and leaders. |
| 500 ## - GENERAL NOTE | |
| General note | "Published ... in cooperation with the Institute of Evangelism, Billy Graham Center, Wheaton, IL"--T.p. verso. |
| 650 #0 - SUBJECT ADDED ENTRY--TOPICAL TERM | |
| Topical term or geographic name entry element | Revivals. |
| 9 (RLIN) | 344 |
| 650 #0 - SUBJECT ADDED ENTRY--TOPICAL TERM | |
| Topical term or geographic name entry element | Evangelistic work. |
| 9 (RLIN) | 290 |
| 700 1# - ADDED ENTRY--PERSONAL NAME | |
| Personal name | Phillips, Tom, |
| Dates associated with a name | 1947- |
| 9 (RLIN) | 15677 |
| 730 0# - | |
| -- | Revivals, their laws and leaders. |
| -- | 15678 |
| 810 2# - | |
| -- | Billy Graham Center. |
| -- | Collection of classics. |
| -- | 15679 |
| 942 ## - ADDED ENTRY ELEMENTS (KOHA) | |
| Source of classification or shelving scheme | Dewey Decimal Classification |
| Koha item type | Books |
| Withdrawn status | Lost status | Source of classification or shelving scheme | Damaged status | Not for loan | Home library | Current Library | Shelving location | Date acquired | Total checkouts | Full call number | Barcode | Date last seen | Copy number | Price effective from | Koha item type |
|---|---|---|---|---|---|---|---|---|---|---|---|---|---|---|---|
| Dewey Decimal Classification | GRACE BIBLE COLLEGE | GRACE BIBLE COLLEGE | Ministry & Mission | 2022-02-04 | 269.2 BUR | 005190 | 2025-05-01 | c.1 | 2022-02-04 | Books |